Complex variables and the Laplace transform for engineers (Record no. 13856)

000 -LEADER
fixed length control field 00606nam a22002051 4500
001 - CONTROL NUMBER
control field 13856
003 - CONTROL NUMBER IDENTIFIER
control field BD-DhUET
008 - FIXED-LENGTH DATA ELEMENTS--GENERAL INFORMATION
fixed length control field 840622s1961 nyua b 000 0 eng
040 ## - CATALOGING SOURCE
Original cataloging agency DLC
Transcribing agency DLC
Modifying agency BD-DhUET
082 00 - DEWEY DECIMAL CLASSIFICATION NUMBER
Classification number 517.862
Item number LEP/1961
100 ## - MAIN ENTRY--PERSONAL NAME
Personal name LePage, Wilbur R.
245 10 - TITLE STATEMENT
Title Complex variables and the Laplace transform for engineers
250 ## - EDITION STATEMENT
Edition statement 1st ed.
260 ## - PUBLICATION, DISTRIBUTION, ETC. (IMPRINT)
Place of publication, distribution, etc. Bombay
Name of publisher, distributor, etc. McGraw-Hill
Date of publication, distribution, etc. 1961
300 ## - PHYSICAL DESCRIPTION
Extent xvi, 475 p.
Other physical details ill.
Dimensions 24 cm.
490 ## - SERIES STATEMENT
Series statement International series in pure and applied mathematics
504 ## - BIBLIOGRAPHY, ETC. NOTE
Bibliography, etc Includes bibliographies
650 #0 - SUBJECT ADDED ENTRY--TOPICAL TERM
Topical term or geographic name as entry element Calculus - Complex variables
942 ## - ADDED ENTRY ELEMENTS (KOHA)
Koha item type General Book
Holdings
Price effective from Koha item type Damaged status Not for loan Koha normalized classification for sorting Shelving location Withdrawn status Koha date last seen Lost status Source of classification or shelving scheme Date acquired Koha full call number Sublocation or collection (holding branch) Copy number Location (home branch) Piece designation (barcode)
2015-03-05General Book  517_862000000000000_LEP_1961Circulation section 2015-03-05  2015-03-05517.862/LEP/1961Central Library, BUET1Central Library, BUET40116
2015-03-05General Book  517_862000000000000_LEP_1961Circulation section 2015-03-05  2015-03-05517.862/LEP/1961Central Library, BUET2Central Library, BUET24385
2015-03-07General Book  517_862000000000000_LEP_1961Circulation section 2015-03-07  2015-03-07517.862/LEP/1961Central Library, BUET3Central Library, BUET6374
2015-03-07General Book  517_862000000000000_LEP_1961Circulation section 2015-03-07  2015-03-07517.862/LEP/1961Central Library, BUET4Central Library, BUET51027
2015-03-07General Book  517_862000000000000_LEP_1961Circulation section 2015-03-07  2015-03-07517.862/LEP/1961Central Library, BUET5Central Library, BUET20963
2015-03-07General Book  517_862000000000000_LEP_1961Circulation section 2015-03-07  2015-03-07517.862/LEP/1961Central Library, BUET6Central Library, BUET42659
2015-03-07General Book  517_862000000000000_LEP_1961Circulation section 2015-03-07  2015-03-07517.862/LEP/1961Central Library, BUET7Central Library, BUET40115
2015-03-07General Book  517_862000000000000_LEP_1961Circulation section 2015-03-07  2015-03-07517.862/LEP/1961Central Library, BUET8Central Library, BUET39671
2015-03-07General Book  517_862000000000000_LEP_1961Circulation section 2015-03-07  2015-03-07517.862/LEP/1961Central Library, BUET9Central Library, BUET39670
2015-03-07General Book  517_862000000000000_LEP_1961Circulation section 2015-03-07  2015-03-07517.862/LEP/1961Central Library, BUET10Central Library, BUET42660
2015-03-09General Book  517_862000000000000_LEP_1961Circulation section 2015-03-09  2015-03-09517.862/LEP/1961Central Library, BUET11Central Library, BUET42661
2015-03-09General Book  517_862000000000000_LEP_1961Circulation section 2015-03-09  2015-03-09517.862/LEP/1961Central Library, BUET12Central Library, BUET51026
2015-05-03General Book  517_862000000000000_LEP_1961Circulation section 2015-05-03  2015-05-03517.862/LEP/1961Central Library, BUET13Central Library, BUET2039
2015-05-03General Book  517_862000000000000_LEP_1961Circulation section 2015-05-03  2015-05-03517.862/LEP/1961Central Library, BUET14Central Library, BUET6375
2015-05-03General Book  517_862000000000000_LEP_1961Circulation section 2015-05-03  2015-05-03517.862/LEP/1961Central Library, BUET15Central Library, BUET2041
2015-05-03General Book  517_862000000000000_LEP_1961Circulation section 2015-05-03  2015-05-03517.862/LEP/1961Central Library, BUET16Central Library, BUET2040